| 000 | 01341 a2200241 4500 | ||
|---|---|---|---|
| 001 | 12 | ||
| 005 | 20260407155402.0 | ||
| 008 | 260407a2002 arg spa d | ||
| 003 | AR-UNSa-BCEJYS | ||
| 040 |
_aAR-UNSa-BCEJYS _bspa _cAR-UNSa-BCEJYS |
||
| 080 |
_a338.1 _xSituación económica. Ciclos. Desarrollo de la estructura económica |
||
| 245 | 1 | 0 | _aEconomía del desarrollo |
| 020 | _a84-95348-03-9 | ||
| 264 | 1 |
_aBarcelona : _bAntoni Bosch _c2002 |
|
| 300 |
_axix, 827 p. _c24 cm |
||
| 505 | _a1. Introducción - 2. El desarrollo económico: visión panorámica - 3. El crecimiento económico - 4. Las nuevas teorías del crecimiento - 5. Historia, expectativas y desarrollo - 6. La desigualdad económica - 7. Desigualdad y desarrollo: interconexiones - 8. Pobreza y desnutrición - 9. Crecimiento de la población y desarrollo económico - 10. Ciudad y campo - 11. Los mercados en la agricultura - 12. La tierra - 13. El trabajo - 14. El crédito - 15. El seguro - 16. El comercio internacional - 17. Política comercial - 18. Política comercial multilateral | ||
| 041 | _aspa | ||
| 942 | _cBK | ||
| 590 | _aniveau_biblio:m niveau_hierar:0 | ||
| 100 | 1 | _aRay, Debraj | |
| 700 | 1 | _aRabasco, María Esther | |
| 856 | 4 | 1 |
_uhttps://biblioeco.unsa.edu.ar/pmb/images/libros/Economia del Desarrollo-l87893.jpg _yImagen de portada _qimage/jpeg |
| 999 |
_c10 _d10 |
||